至今仍存在的中国首都城市 - Statistics

General Stats
  • This quiz has been taken 759 times
    755 since last reset
  • The average score is 58 of 141
Answer Stats
Answer % Correct
长安/西安
97%
丰镐/西安
95%
蓟城/北京
95%
建业/南京
95%
建康/南京
95%
幽州/北京
95%
析津/北京
95%
大都/北京
95%
北京
95%
大兴/北京
95%
成周/洛阳
94%
洛阳
94%
金陵/南京
94%
南京
94%
应天/南京
94%
大兴/西安
91%
大梁/开封
87%
成都
87%
临安/杭州
87%
杭州
86%
开封
85%
咸阳
84%
奉天/沈阳
83%
重庆
82%
长春
82%
武昌/武汉
81%
武汉
80%
番禺/广州
79%
兴王府/广州
79%
拉萨
78%
滇池/昆明
74%
兴龙/昆明
74%
昆明
74%
台北
73%
邯郸
71%
晋阳/太原
68%
长乐/福州
68%
天兴/福州
68%
姑苏/苏州
67%
平江/苏州
66%
平城/大同
64%
太和/大理
64%
羊苴咩/大理
64%
许昌
63%
潭州/长沙
63%
兴庆/银川
63%
大同
60%
金城/兰州
58%
临淄
53%
彭城/徐州
53%
郢都/荆州
53%
会稽/绍兴
49%
西平/西宁
49%
洪州/南昌
49%
江陵/荆州
48%
青唐城/西宁
48%
喀什
46%
曲阜
46%
应天/商丘
46%
睢阳/商丘
45%
和田
44%
越州/绍兴
44%
桑珠孜/日喀则
44%
广陵/扬州
42%
凉州/武威
42%
姑臧/武威
41%
新郑
40%
甘州/张掖
40%
吐鲁番
39%
{吐鲁番}汗国
39%
张掖
38%
泉州
37%
酒泉
36%
大员/台南
35%
哈密
35%
{哈密}汗国
35%
安平/台南
35%
襄国/邢台
33%
敦煌
31%
沙州/敦煌
31%
辽阳
31%
平阳/临汾
24%
遵义
24%
寿春/寿县
23%
龙城/朝阳
23%
乃东/山南
23%
弗违/定州
21%
丽江
21%
鸡笼/基隆
20%
魏州/大名
19%
大名
19%
中牟/鹤壁
18%
库车
17%
乐都/海东
17%
江州/九江
17%
康定
17%
伊宁
17%
雍城/凤翔
16%
离石/吕梁
16%
平凉
16%
会宁/阿城
14%
莎车
13%
广固/青州
13%
理塘
12%
国内城/集安
11%
凤翔
11%
镇州/正定
11%
顾/定州
10%
定州
10%
安邑/夏县
10%
枹罕/临夏
10%
宛丘/淮阳
9%
景洪
9%
陈都/淮阳
8%
临潢/巴林左旗
8%
阳翟/禹州
7%
建安/建瓯
6%
巴塘
6%
高邮
5%
焉耆
4%
滑台/滑县
4%
农安
4%
普兰
3%
长子
3%
瑞丽
3%
敖东/敦化
3%
德格
3%
萨迦
3%
托林/札达
3%
{普兰}(古格分裂)
3%
宕昌
2%
安龙
2%
{宕昌}羌
2%
宗喀/平安
1%
囊谦
1%
澄州/海城
1%
咸平/开原
1%
{囊谦}(玉树第一土司)
1%
吉隆
0%
必罗笼/泸西
0%
仁布
0%
No matching quizzes found
Score Distribution
Percent of People with Each Score
Percentile by Number Answered
Your Score History
You have not taken this quiz since the last reset